Balasan rajin dan jujur

Bibliographic Details
Format: Book
Published: [s.n] : Penerbitan Ria , [s.n]
Series:Siri Kampung Ara
Subjects:

MARC

LEADER 00000cam a2200000 7i4500
001 0000053614
005 20220105104159.0
008 151022
020 |a 9839593080 
090 0 0 |a JP   |b MAL 
245 1 0 |a Balasan rajin dan jujur 
260 |a [s.n] :   |b Penerbitan Ria ,   |c [s.n] 
490 1 |a Siri Kampung Ara 
500 |a Children age 4-6 years old (yellow) 
650 0 |a Junior preschool   |x Malay   |x Languages 
999 |a 0000774478   |b Book   |c Children Collection   |e Cawangan Pontian 
999 |a 0000774481   |b Book   |c Children Collection   |e Cawangan Pontian 
999 |a 0000774482   |b Book   |c Children Collection   |e Cawangan Pontian 
999 |a 0000787440   |b Book   |c Children Collection   |e Cawangan Segamat 
999 |a 0000867261   |b Book   |c Children Collection   |e Cawangan Segamat